000 00981nac a22003017a 4500
001 BR8404040
003 BR-BrBNA
005 20240105120124.0
008 230509b bl.|||m| |||| 00| 0 por d
040 _aBR-BrBNA
_bpor
_cBiblioteca Nacional de Agricultura
072 _aL30
090 _a6100 BR8404040
100 1 _aSilva, S. (comp.)
100 1 _aMatos, F.J.R.
100 1 _aCampos, E.J.
100 1 _aSilva, G.J.C.
100 1 _aBaiao, N.C.
110 1 _aSecretaria Nacional de Defesa Agropecuaria, Brasilia, DF (Brasil). Div. de Fiscalizacao de Alimentos para Animais
245 1 _aUtilizacao de fosfatos de rocha na alimentacao de poedeiras comerciais
260 3 _aBrasilia, DF (Brasil):
_c1984.
300 _a12 p.
490 _aDIFISA Informacao Tecnica (Brazil)
_vno. 15
_x
500 _a6 tables; 17 ref.
650 _aGALINHA PARA POSTURA
650 _aFOSFATO DE ROCHA
909 _a202312
_bLúcia Elande
_c55
_dLúcia Elande
942 _2AGRIS
_n0
_cMS
999 _c278021
_d278021